00341pab a2200121 454500008004000000100002000040245007700060260000900137300001300146362000800159650003600167773001600203180718b2017 xxu||||| |||| 00| 0 eng d aSingh, Manikant aSankalp Se Sidhhi: attainment through resolve: 1942 and 2017: an analogy c2017 ap.50-52. aSep aEconomic and social development aKurukshetra